Land of Confusion - Genesis Lyrics Quiz - Statistics

General Stats
  • This quiz has been taken 65 times
  • The average score is 235 of 340
Answer Stats
Answer % Correct
I
100%
a
96%
the
96%
we
93%
you
93%
and
89%
is
89%
of
89%
where
89%
are
86%
confusion
86%
land
86%
this
86%
This
86%
can
82%
go
82%
we're
82%
were
82%
in
79%
it
79%
men
79%
Now
79%
now
79%
see
79%
to
79%
world
79%
be
75%
by
75%
given
75%
live
75%
place
75%
so
75%
superman
75%
when
75%
can't
71%
dreams
71%
these
71%
thousand
71%
time
71%
hands
68%
hear
68%
love
68%
me
68%
people
68%
but
64%
for
64%
living
64%
many
64%
much
64%
problems
64%
round
64%
there's
64%
too
64%
Too
64%
been
61%
make
61%
marching
61%
million
61%
night
61%
not
61%
(oh, oh, oh)
61%
somehow
61%
they
61%
worth
61%
fighting
57%
gone
57%
let's
57%
my
57%
trying
57%
we'll
57%
will
57%
wrong
57%
control
54%
feet
54%
haunted
54%
hour
54%
into
54%
just
54%
losing
54%
making
54%
must've
54%
news
54%
screams
54%
start
54%
won't
54%
all
50%
dreamed
50%
everything's
50%
generation
50%
power
50%
right
50%
say
50%
street
50%
today
50%
as
46%
away
46%
burning
46%
coming
46%
did
46%
fires
46%
going
46%
home
46%
know
46%
look
46%
moving
46%
never
46%
steel
46%
They're
46%
why
46%
your
46%
future
43%
promises
43%
still
43%
up
43%
ago
39%
alight
39%
keep
39%
long
39%
our
39%
read
39%
tell
39%
them
39%
through
39%
Ooh
36%
ooh
36%
stand
36%
tonight
36%
was
36%
danger's
32%
lives
32%
put
32%
remember
32%
sound
32%
Use
32%
use
32%
held
29%
laughter
29%
names
29%
shining
29%
sun
29%
tight
29%
bright
25%
showing
25%
stars
25%
Yes
11%
No matching quizzes found
Score Distribution
Percent of People with Each Score
Percentile by Number Answered
Your Score History
You have not taken this quiz